00904 a2200169 45000010006000000050017000060080041000230030015000640400040000790800064001192450076001830200018002592640029002773000019003065050382003251000027007073209620260407155622.0260407a1966 arg spa dAR-UNSa-BCEJYS aAR-UNSa-BCEJYSbspacAR-UNSa-BCEJYS a658xAdministración de empresas. Organización comercial10aLa ciencia de la administraciónpla dirección de los grupos humanos a968-18-0251-9 1aMéxico :bLimusac1966 a238 p.c22 cm. a1. La ciencia de la dirección social - 2. El arte de administrar las cosas - 3 Administración y sociología - 4. Admistración y moral social - 5. La doctrina y las normas fundamentales de la eficacia administrativa - 6. La planeación - 7. Administración, ontología social y derecho - 8. La organización - 9. La integración - 10. La dirección y el dirigente.1 aGuzman Valdivia, Issac